Don Pedro Primero de Castilla (Record no. 154889)
[ view plain ]
| 000 -LEADER | |
|---|---|
| campo de control de longitud fija | 00802nam a2200217 i 4500 |
| 001 - NÚMERO DE CONTROL | |
| campo de control | 154889 |
| 003 - IDENTIFICADOR DE NÚMERO DE CONTROL | |
| campo de control | ES-MaACL |
| 005 - FECHA Y HORA DE LA ÚLTIMA TRANSACCIÓN | |
| campo de control | 20250730221501.0 |
| 008 - DATOS DE LONGITUD FIJA--INFORMACIÓN GENERAL | |
| campo de control de longitud fija | 981127s1878 sp |||| | spa d |
| 040 ## - FUENTE DE CATALOGACIÓN | |
| Centro catalogador/agencia de origen | CCPB | B |
| Lengua de catalogación | spa |
| Centro/agencia transcriptor | CCPB | B |
| 100 1# - ENTRADA PRINCIPAL--NOMBRE DE PERSONA | |
| Nombre de persona | Guichot, Joaquín ( |
| Fechas asociadas al nombre | 1820-1906) |
| 9 (RLIN) | 151747 |
| 245 10 - MENCIÓN DEL TÍTULO | |
| Título | Don Pedro Primero de Castilla |
| Resto del título | : ensayo de vindicación crítico-histórica de su reinado / |
| Mención de responsabilidad, etc. | por Joaquín Guichot. |
| 260 ## - PUBLICACIÓN, DISTRIBUCIÓN, ETC. | |
| Lugar de publicación, distribución, etc. | Sevilla : |
| Nombre del editor, distribuidor, etc. | [s.n.], |
| Fecha de publicación, distribución, etc. | 1878 ( |
| Fabricante | Imp. de Gironés y Orduña) |
| 300 ## - DESCRIPCIÓN FÍSICA | |
| Extensión | XIX, 269 p. ; |
| Dimensiones | 28 cm. |
| 500 ## - NOTA GENERAL | |
| Nota general | Publ. patrocinada por la Diputación Provincial de Sevilla. |
| 597 ## - NOTA DE DESCRIPCIÓN FÍSICA | |
| NOTA DE DESCRIPCIÓN FÍSICA | Port. a dos tintas con esc. xil. |
| 597 ## - NOTA DE DESCRIPCIÓN FÍSICA | |
| NOTA DE DESCRIPCIÓN FÍSICA | Antep. |
| 600 04 - PUNTO DE ACCESO ADICIONAL DE MATERIA--NOMBRE DE PERSONA | |
| Nombre de persona | Pedro |
| Numeración | I, |
| Títulos y otros términos asociados al nombre | Rey de Castilla |
| 9 (RLIN) | 89923 |
| 852 ## - LOCALIZACIÓN | |
| Ubicación | ES-MaACL |
| Número de control de estantería | C-2087 |
| Nota libre | -- Enc. hol. |
| Estatus retirado | Estado de pérdida | Estado de daño | No para préstamo | Colección | Biblioteca de origen | Biblioteca actual | Ubicación en estantería | Fecha de adquisición | Fuente de adquisición | Total de préstamos | Signatura topográfica completa | Código de barras | Visto por última vez | Precio de reemplazo | Tipo de ítem Koha |
|---|---|---|---|---|---|---|---|---|---|---|---|---|---|---|---|
| Libros del s. XIX | Biblioteca del Ateneo de Madrid | Biblioteca del Ateneo de Madrid | Sala Palomar | 17/01/2008 | C-2087 | 1162020 | 23/02/2023 | 23/02/2023 | Libro impreso antiguo |
